Dead or Alive - Statistics

General Stats
  • This quiz has been taken 231 times
    113 since last reset
  • The average score is 15 of 15
Answer Stats
Hint Answer % Correct
Steve Jobs Dead
100%
Stephen Hawking Dead
100%
Nelson Mandela Dead
100%
Kirk Douglas Dead
100%
John McCain Dead
100%
Zsa Zsa Gabor Dead
100%
Michael Jackson Dead
99%
Margaret Thatcher Dead
99%
Neil Armstrong Dead
99%
Dick Van Dyke Alive
98%
Bill Gates Alive
98%
Buzz Aldrin Alive
98%
Jennifer Lopez Alive
98%
Stan Lee Dead
98%
Robert De Niro Alive
97%
No matching quizzes found
Score Distribution
Percent of People with Each Score
Percentile by Number Answered
Your Score History
You have not taken this quiz since the last reset